| 000 | 00639nam a2200241Ia 4500 | ||
|---|---|---|---|
| 003 | OSt | ||
| 005 | 20221005081117.0 | ||
| 006 | a|||||r|||| 00| 0 | ||
| 007 | ta | ||
| 008 | 221004b |||||||| |||| 00| 0 eng d | ||
| 024 | _a20548 | ||
| 037 | _cTextual | ||
| 040 |
_aCRL _cCRL _beng |
||
| 041 |
_2eng _aeng |
||
| 082 | _aO111,1NBHx, N1 | ||
| 100 |
_aBhattacharya Arunoday _9610820 |
||
| 245 | 0 | _aWaving corridors | |
| 260 |
_aNew Delhi _bPrachi India _c1981 |
||
| 300 |
_a66 p. _ccm. |
||
| 650 | _aENGLISH LITERATURE | ||
| 942 |
_hO111,1NBHx, N1 _cTEXL _2cc |
||
| 999 |
_c987164 _d987164 |
||